The sermon bible; vol. 11. (Record no. 1623)

000 -LEADER
fixed length control field 00455nam a2200157 a 4500
001 - CONTROL NUMBER
control field :::00017808$&:&@@
003 - CONTROL NUMBER IDENTIFIER
control field OkBaRHE
005 - DATE AND TIME OF LATEST TRANSACTION
control field 20100326171828.0
008 - FIXED-LENGTH DATA ELEMENTS--GENERAL INFORMATION
fixed length control field j 000 0 eng u
040 ## - CATALOGING SOURCE
Transcribing agency
245 14 - TITLE STATEMENT
Title The sermon bible; vol. 11.
260 ## - PUBLICATION, DISTRIBUTION, ETC. (IMPRINT)
Place of publication, distribution, etc New York
Name of publisher, distributor, etc Funk & Wagnalls Company
300 ## - PHYSICAL DESCRIPTION
Extent v. (1-12)
942 ## - ADDED ENTRY ELEMENTS (KOHA)
Source of classification or shelving scheme
Koha item type Books
Copies
Copy number Damaged status Date last seen Withdrawn status Permanent Location Lost status Not for loan Date acquired Full call number Shelving location Price effective from Source of classification or shelving scheme Koha item type Barcode Collection code
1 2010-04-14 RHEMA Bible Training College  2010-04-14BS 534.5 S38General Stacks2010-04-14 Books17808Reference